| 000 | 00487cam a2200157 4500500 | ||
|---|---|---|---|
| 005 | 20260329003133.0 | ||
| 041 | _afre | ||
| 042 | _adc | ||
| 245 | 0 | 0 | _aDictionnaire chic de philosophie |
| 260 | _c2014. | ||
| 500 | _a4 | ||
| 690 | _aDictionnaire | ||
| 690 | _aFrédéric Schiffter | ||
| 786 | 0 | _nPhilosophie magazine | 83 | 10 | 2014-10-01 | p. 73-73 | 1951-1787 | |
| 856 | 4 | 1 | _uhttps://shs.cairn.info/magazine-philosophie-magazine-2014-10-page-73?lang=fr&redirect-ssocas=7080 |
| 999 |
_c1821755 _d1821755 |
||